| 000 | 00346nam a22001457a 4500 | ||
|---|---|---|---|
| 008 | 221201b ||||| |||| 00| 0 eng d | ||
| 020 | _a9780132773690 | ||
| 041 | _aeng | ||
| 080 |
_2SEVENTH EDITION _a61 |
||
| 082 | _a61FOL | ||
| 100 | _a2 | ||
| 101 | _aMJK | ||
| 245 |
_aTHE ECONOMICS OF HEALTH AND HEALTH CARE _cFOLLAND SH |
||
| 942 |
_2udc _cBK |
||
| 999 |
_c59055 _d59055 |
||